LEADER 00882nam 2200337 450 001 990002706410203316 005 20060131173643.0 035 $a000270641 035 $aUSA01000270641 035 $a(ALEPH)000270641USA01 035 $a000270641 100 $a20060131d--------km-y0itay0103----ba 101 $afre 102 $aBE 105 $a||||||||001yy 200 1 $aDans les meandres de l'eternité$fIsabelle Henneton 210 $a[s.l.]$c[s.e.]$d[s.d.] 215 $a49 p.$d21 cm 410 0$12001 454 1$12001 461 1$1001-------$12001 676 $a841 700 1$aHENNETON,$bIsabelle$0592456 801 0$aIT$bsalbc$gISBD 912 $a990002706410203316 951 $aXV.4.A. 13$bF.B.$cXV.4. 959 $aBK 969 $aUMA 979 $aSENATORE$b90$c20060131$lUSA01$h1736 996 $aDans les meandres de l'eternité$91001982 997 $aUNISA LEADER 01008nam a2200253 i 4500 001 991002234009707536 005 20020507161613.0 008 000703s1989 it ||| | ita 020 $a8814019126 035 $ab11627712-39ule_inst 035 $aLE02733027$9ExL 040 $aDip.to Studi Giuridici$bita 084 $aC-XIV/F 100 1 $aCimbalo, Giovanni$0258109 245 12$aI rapporti finanziari tra Stato e confessioni religiose nei Paesi Bassi /$cGiovanni Cimbalo 260 $aMilano :$bA. Giuffrè,$c1989 300 $axi, 452 p. ;$c26 cm. 490 0 $aPubblicazioni della Facoltà di economia e commercio, Università di Firenze ;$v65 907 $a.b11627712$b01-03-17$c02-07-02 912 $a991002234009707536 945 $aLE027 C-XIV/F 7$g1$iLE027-1085$lle027$o-$pE0.00$q-$rl$s- $t0$u0$v0$w0$x0$y.i11846148$z02-07-02 996 $aRapporti finanziari tra Stato e confessioni religiose nei Paesi Bassi$9887870 997 $aUNISALENTO 998 $ale027$b01-01-00$cm$da $e-$fita$git $h2$i1 LEADER 01555nam 2200301z- 450 001 9910694153703321 005 20070119084813.0 035 $a(CKB)5860000000019705 035 $a(BIP)013963253 035 $a(EXLCZ)995860000000019705 100 $a20220406c2006uuuu -u- - 101 0 $aeng 200 10$aConfirmation hearing on the nominations of William James Haynes II to be circuit judge for the Fourth Circuit and Frances Marie Tydingco-Gatewood to be district judge for the District of Guam $ehearing before the Committee on the Judiciary, United States Senate, One Hundred Ninth Congress, second session, July 11, 2006 215 $a1 online resource (iv, 360 p.) 311 $a0-16-077446-2 517 $aConfirmation hearing on the nominations of William James Haynes II to be circuit judge for the Fourth Circuit and Frances Marie Tydingco-Gatewood to be district judge for the District of Guam 606 $aJudges$xSelection and appointment$zUnited States 606 $aJudges$xSelection and appointment$zGuam 610 $aJudges 610 $aCourts 610 $aLaw 615 0$aJudges$xSelection and appointment 615 0$aJudges$xSelection and appointment 712 02$aUnited States, Congress Senate Committee on the Judiciary Staff,$4oth 906 $aBOOK 912 $a9910694153703321 996 $aConfirmation hearing on the nominations of William James Haynes II to be circuit judge for the Fourth Circuit and Frances Marie Tydingco-Gatewood to be district judge for the District of Guam$93171669 997 $aUNINA